[Event "Titled Tuesday intern op 13th Feb Late"]
[Site "Chess.com INT"]
[Date "2024.02.13"]
[Round "6"]
[White "Kacprzak, Karol1"]
[Black "Demidov, Mikhail"]
[Result "1-0"]
[WhiteElo "2322"]
[BlackElo "2546"]
[PlyCount "131"]
[EventDate "2024.02.13"]
[EventType "swiss (blitz)"]
[EventRounds "11"]
[EventCountry "USA"]
[SourceTitle "CB08_2024"]
[SourceDate "2024.02.21"]
[SourceVersion "1"]
[SourceVersionDate "2024.02.21"]
[SourceQuality "1"]

1. e4 g6 2. d4 Bg7 3. Nf3 d6 4. Nc3 a6 5. a4 Nf6 6. Be2 0-0 7. 0-0 Nc6 8. h3 e5 9. dxe5 dxe5 10. Be3 Be6 11. Ng5 Qe7 12. Nxe6 fxe6 13. Bc4 Nh5 14. Qg4 Rae8 15. g3 Nf6 16. Qh4 Rd8 17. Rad1 Rxd1 18. Rxd1 Rd8 19. Rxd8+ Nxd8 20. g4 Nf7 21. g5 Ne8 22. Qg4 Nd8 23. h4 Qf7 24. a5 Bf8 25. Na4 Ng7 26. Qd1 Qe8 27. b3 Nc6 28. Qd2 Nh5 29. Nb2 Bd6 30. Nd3 Qe7 31. Kg2 Kf7 32. Qc3 Ke8 33. Bxa6 Nxa5 34. Qxa5 bxa6 35. Qxa6 Kf7 36. c4 Nf4+ 37. Bxf4 exf4 38. Qc6 Ba3 39. Kf3 Qd8 40. Ne5+ Ke7 41. Ke2 Bd6 42. Nd3 f3+ 43. Ke3 Bh2 44. e5 Qb8 45. b4 Qa7+ 46. Qc5+ Qxc5+ 47. bxc5 Kd7 48. Kxf3 Kc6 49. Ke4 Bg1 50. Kf3 Bh2 51. Kg2 Bxe5 52. Nxe5+ Kxc5 53. f4 Kd4 54. Kf3 c5 55. Ng4 Kxc4 56. Nf6 Kd4 57. Nxh7 c4 58. Ke2 Kc3 59. Nf6 Kb2 60. Ne4 c3 61. Nxc3 Kb3 62. h5 gxh5 63. g6 Kxc3 64. g7 h4 65. g8Q h3 66. Qg3+ 1-0

[Event "Titled Tuesday intern op 06th Feb Late"]
[Site "Chess.com INT"]
[Date "2024.02.06"]
[Round "11"]
[White "Xiong, Jeffery"]
[Black "Demidov, Mikhail"]
[Result "1-0"]
[WhiteElo "2659"]
[BlackElo "2546"]
[PlyCount "115"]
[EventDate "2024.02.06"]
[EventType "swiss (blitz)"]
[EventRounds "11"]
[EventCountry "USA"]
[SourceTitle "CB07_2024"]
[SourceDate "2024.02.14"]
[SourceVersion "1"]
[SourceVersionDate "2024.02.14"]
[SourceQuality "1"]

1. e4 g6 2. d4 Bg7 3. Nf3 d6 4. Be3 c5 5. c3 cxd4 6. cxd4 Nc6 7. h3 Nf6 8. Nc3 0-0 9. Bd3 b6 10. 0-0 Bb7 11. a3 Rc8 12. Re1 e6 13. Rc1 Na5 14. Nd2 Qd7 15. b4 Nc6 16. Qa4 Rfd8 17. Bb5 Qe7 18. Nf3 a6 19. Bd3 b5 20. Qb3 Nb8 21. d5 e5 22. a4 bxa4 23. Nxa4 Rxc1 24. Rxc1 Rc8 25. Rxc8+ Bxc8 26. Nb6 Bb7 27. Nd2 Qc7 28. Ndc4 Nfd7 29. Nxd7 Nxd7 30. Na5 Bc8 31. Nc6 Nb8 32. Qc4 Nxc6 33. Qxc6 Qxc6 34. dxc6 Kf8 35. Bc4 Ke7 36. g4 f5 37. gxf5 gxf5 38. exf5 Kf6 39. Be2 d5 40. Bb6 Bf8 41. Bd8+ Kf7 42. Bh5+ Kg8 43. Be8 Bxb4 44. Bd7 Bxd7 45. cxd7 Kf7 46. Bc7 Be7 47. d8Q Bxd8 48. Bxd8 a5 49. Bxa5 Kf6 50. Kg2 Kxf5 51. Kf3 d4 52. Bc7 e4+ 53. Kg3 h5 54. h4 e3 55. fxe3 dxe3 56. Kf3 e2 57. Kxe2 Kg4 58. Bd8 1-0

[Event "Khanty-Mansiysk Governor Cup Rapid"]
[Site "Khanty-Mansiysk"]
[Date "2023.11.28"]
[Round "11"]
[White "Alekseenko, Mariya"]
[Black "Demidov, Mikhail"]
[Result "0-1"]
[WhiteElo "1957"]
[BlackElo "2562"]
[PlyCount "108"]
[EventDate "2023.11.26"]
[EventType "swiss (rapid)"]
[EventRounds "11"]
[EventCountry "RUS"]
[SourceTitle "CB49_2023"]
[SourceDate "2023.12.06"]
[SourceVersion "1"]
[SourceVersionDate "2023.12.06"]
[SourceQuality "1"]

1. d4 g6 2. c4 Bg7 3. Nc3 d6 4. g3 Nd7 5. Bg2 e5 6. Nf3 Ne7 7. 0-0 0-0 8. e4 exd4 9. Nxd4 Nc6 10. Nxc6 bxc6 11. Qc2 a5 12. Rd1 Qe7 13. Be3 Ne5 14. c5 Bg4 15. Rf1 Nf3+ 16. Kh1 Nd4 17. Bxd4 Bxd4 18. Na4 Rab8 19. Rac1 Rfc8 20. b3 Rb4 21. Qd2 dxc5 22. Nb2 Rd8 23. Qc2 Be6 24. Nd3 Rb5 25. Nf4 a4 26. Nxe6 axb3 27. axb3 Qxe6 28. Rb1 Rdb8 29. f4 Rb4 30. f5 Qe5 31. Rfd1 Re8 32. Bf3 Kg7 33. Kg2 c4 34. bxc4 c5 35. Qd3 Reb8 36. Kh1 Qe8 37. Rxb4 Rxb4 38. Rb1 Be5 39. Bd1 Qa8 40. Bc2 Qa2 41. Rb3 c6 42. Kg2 Qa6 43. Rxb4 cxb4 44. Bb3 c5 45. Qd1 Bd4 46. Qe2 Qa3 47. Qc2 Qa1 48. Qd1 Qc3 49. Qf3 Qb2+ 50. Kh1 Bc3 51. fxg6 hxg6 52. Qd1 Qf2 53. Bc2 Bd4 54. Qd3 Qg1# 0-1

[Event "Khanty-Mansiysk Governor Cup Rapid"]
[Site "Khanty-Mansiysk"]
[Date "2023.11.27"]
[Round "8"]
[White "Demidov, Mikhail"]
[Black "Krivitskiy, Alexandr"]
[Result "1-0"]
[WhiteElo "2562"]
[BlackElo "1803"]
[PlyCount "79"]
[EventDate "2023.11.26"]
[EventType "swiss (rapid)"]
[EventRounds "11"]
[EventCountry "RUS"]
[SourceTitle "CB49_2023"]
[SourceDate "2023.12.06"]
[SourceVersion "1"]
[SourceVersionDate "2023.12.06"]
[SourceQuality "1"]

1. Nf3 d5 2. g3 Nf6 3. Bg2 Nbd7 4. c4 dxc4 5. Qa4 a6 6. Qxc4 e6 7. Qc2 Bd6 8. a4 0-0 9. 0-0 e5 10. d3 Re8 11. Nc3 h6 12. Nd2 c6 13. Nc4 Bc7 14. a5 Nf8 15. Be3 Bf5 16. Qb3 Bc8 17. Nb6 Be6 18. Qc2 Rb8 19. Rfd1 Ng4 20. Bc5 Nd7 21. Nxd7 Bxd7 22. b4 Nf6 23. d4 Qc8 24. e4 exd4 25. Bxd4 Be5 26. Bxe5 Rxe5 27. f4 Re8 28. e5 Ng4 29. Qd2 Bf5 30. h3 Nxe5 31. fxe5 Bxh3 32. Qf4 Bxg2 33. Kxg2 Qe6 34. Re1 Rbd8 35. Rad1 Rxd1 36. Rxd1 Qxe5 37. Qxe5 Rxe5 38. Rd7 c5 39. b5 axb5 40. Rxb7 1-0

[Event "Khanty-Mansiysk Governor Cup 19th"]
[Site "Khanty-Mansiysk"]
[Date "2023.11.21"]
[Round "5"]
[White "Titarov, Vasilii"]
[Black "Demidov, Mikhail"]
[Result "1/2-1/2"]
[WhiteElo "2133"]
[BlackElo "2562"]
[PlyCount "123"]
[EventDate "2023.11.17"]
[EventType "swiss"]
[EventRounds "9"]
[EventCountry "RUS"]
[SourceTitle "CB48_2023"]
[SourceDate "2023.11.29"]
[SourceVersion "1"]
[SourceVersionDate "2023.11.29"]
[SourceQuality "1"]

1. e4 e5 2. Nf3 Nc6 3. Bb5 Nf6 4. d3 Bc5 5. c3 0-0 6. 0-0 d6 7. Nbd2 Bb6 8. Nc4 Ne7 9. Ba4 Ng6 10. Bc2 h6 11. d4 Qe7 12. a4 c6 13. dxe5 dxe5 14. Qd6 Qxd6 15. Nxd6 Rd8 16. Nxc8 Raxc8 17. a5 Bc5 18. h3 a6 19. g3 Rd7 20. Nd2 Ne8 21. Nc4 Nd6 22. Rd1 Rcd8 23. Nxd6 Rxd6 24. Rxd6 Rxd6 25. Kg2 Nf8 26. f3 Ne6 27. h4 Ba7 28. Kf1 Kf8 29. Ke2 Ke7 30. f4 Rd7 31. f5 Nc7 32. g4 Nb5 33. Bd3 Rd8 34. Bd2 Bc5 35. Rh1 Rh8 36. Rf1 Bd6 37. Ra1 Bc5 38. Be1 Nd6 39. Bg3 f6 40. Kf3 Rd8 41. Ke2 Rh8 42. Rd1 Rd8 43. g5 hxg5 44. hxg5 Rh8 45. g6 Ba7 46. Kf3 Bc5 47. Be2 Rh3 48. Bd3 Rh8 49. Rb1 Rd8 50. Be2 Rh8 51. b4 Ba7 52. c4 Bd4 53. b5 cxb5 54. cxb5 axb5 55. Bxb5 Rc8 56. Bd3 Rc3 57. Ke2 Ra3 58. Be1 Ra2+ 59. Kf3 Ra3 60. Ke2 Ra2+ 61. Kf3 Ra3 62. Ke2 1/2-1/2

[Event "RUS-chT Blitz"]
[Site "Sochi"]
[Date "2023.10.17"]
[Round "3.26"]
[White "Demidov, Mikhail"]
[Black "Novozhilov, Semen"]
[Result "0-1"]
[WhiteElo "2562"]
[BlackElo "2272"]
[PlyCount "114"]
[EventDate "2023.10.17"]
[EventType "team-swiss (blitz)"]
[EventRounds "13"]
[EventCountry "RUS"]
[SourceTitle "Mega2024 Update 01"]
[Source "Chessbase"]
[SourceDate "2023.11.12"]
[SourceVersion "1"]
[SourceVersionDate "2023.11.12"]
[SourceQuality "1"]
[WhiteTeam "Moscow MGFSO"]
[BlackTeam "Vladimir Region"]
[WhiteTeamCountry "RUS"]
[BlackTeamCountry "RUS"]

1. d4 Nf6 2. Nf3 e6 3. e3 c5 4. c4 cxd4 5. exd4 b6 6. Bd3 Bb7 7. 0-0 Be7 8. Nc3 0-0 9. d5 exd5 10. cxd5 d6 11. Re1 a6 12. Nd4 Re8 13. Qf3 Nbd7 14. Bf4 Bf8 15. Nc6 Qc7 16. h3 Nxd5 17. Qxd5 Rxe1+ 18. Rxe1 Qxc6 19. Qxc6 Bxc6 20. Rd1 Nf6 21. Be2 d5 22. Bf3 Bc5 23. Nxd5 Nxd5 24. Bxd5 Bxd5 25. Rxd5 h6 26. a3 a5 27. Kf1 Re8 28. Bc7 Re6 29. Rd8+ Kh7 30. Rd2 Rc6 31. Be5 f6 32. Bf4 g5 33. Bh2 Kg6 34. Ke2 Re6+ 35. Kd1 f5 36. Bc7 Rc6 37. Be5 Re6 38. Bc3 f4 39. f3 Be3 40. Rd5 Rc6 41. Kc2 Re6 42. Kd3 Bc5 43. Re5 Rd6+ 44. Kc4 Rd1 45. Re2 Be3 46. Kb5 Kf5 47. Rc2 h5 48. Bg7 g4 49. hxg4+ hxg4 50. fxg4+ Kxg4 51. Be5 Rd5+ 52. Ka6 Rxe5 53. b4 axb4 54. axb4 Rd5 55. b5 Kg3 56. Rb2 Bf2 57. Rb4 Rf5 0-1

[Event "RUS-chT Blitz"]
[Site "Sochi"]
[Date "2023.10.17"]
[Round "4.18"]
[White "Nikitenko, Mihail"]
[Black "Demidov, Mikhail"]
[Result "0-1"]
[WhiteElo "2527"]
[BlackElo "2562"]
[PlyCount "46"]
[EventDate "2023.10.17"]
[EventType "team-swiss (blitz)"]
[EventRounds "13"]
[EventCountry "RUS"]
[SourceTitle "Mega2024 Update 01"]
[Source "Chessbase"]
[SourceDate "2023.11.12"]
[SourceVersion "1"]
[SourceVersionDate "2023.11.12"]
[SourceQuality "1"]
[WhiteTeam "Belarus"]
[BlackTeam "Moscow MGFSO"]
[WhiteTeamCountry "BLR"]
[BlackTeamCountry "RUS"]

1. e4 Nf6 2. Nc3 d5 3. exd5 Nxd5 4. g3 g6 5. Bg2 c6 6. Nge2 Bg7 7. 0-0 0-0 8. h3 e5 9. d4 Nxc3 10. bxc3 Nd7 11. Ba3 Re8 12. Bd6 Nb6 13. Bc5 Na4 14. Ba3 Be6 15. Re1 Qc7 16. Qb1 Bc4 17. Qb4 b5 18. Qd6 Qxd6 19. Bxd6 Bxe2 20. Rxe2 Nxc3 21. Rae1 f5 22. g4 Rad8 23. Bc5 Bh6 0-1

[Event "RUS-ch Rapid"]
[Site "Sochi"]
[Date "2023.10.16"]
[Round "7"]
[White "Demidov, Mikhail"]
[Black "Moiseenko, Vadim"]
[Result "1/2-1/2"]
[WhiteElo "2562"]
[BlackElo "2529"]
[PlyCount "94"]
[EventDate "2023.10.15"]
[EventType "swiss (rapid)"]
[EventRounds "11"]
[EventCountry "RUS"]
[SourceTitle "Mega2024 Update 01"]
[Source "Chessbase"]
[SourceDate "2023.11.12"]
[SourceVersion "1"]
[SourceVersionDate "2023.11.12"]
[SourceQuality "1"]

1. d4 Nf6 2. Nf3 g6 3. Nbd2 c5 4. dxc5 Qa5 5. a3 Qxc5 6. b4 Qc3 7. Rb1 Bg7 8. e3 Qc7 9. Bb2 0-0 10. c4 b6 11. Rc1 d6 12. Be2 Bb7 13. 0-0 Nbd7 14. Qb3 Rac8 15. Rfd1 Qb8 16. Nd4 Rfd8 17. Bf3 Ne5 18. Bxb7 Qxb7 19. N2f3 Nfd7 20. h3 a6 21. Rc2 Rc7 22. Nd2 Rdc8 23. Rdc1 Nc6 24. Ne2 Bxb2 25. Qxb2 Nce5 26. Qb3 Nf6 27. f4 Ned7 28. Qd3 d5 29. cxd5 Rxc2 30. Rxc2 Rxc2 31. Qxc2 Nxd5 32. Qd3 b5 33. Ne4 Qc6 34. Qd4 N5f6 35. N2c3 Nxe4 36. Nxe4 f6 37. Nc5 Nxc5 38. bxc5 Kf7 39. e4 f5 40. exf5 gxf5 41. Qe5 Qe4 42. Qc7 Qe1+ 43. Kh2 h5 44. c6 h4 45. Qb8 Qg3+ 46. Kh1 Qe1+ 47. Kh2 Qg3+ 1/2-1/2

[Event "RUS-ch Blitz"]
[Site "Sochi"]
[Date "2023.10.14"]
[Round "5"]
[White "Skatchkov, Valery"]
[Black "Demidov, Mikhail"]
[Result "0-1"]
[WhiteElo "2213"]
[BlackElo "2562"]
[PlyCount "101"]
[EventDate "2023.10.14"]
[EventType "swiss (blitz)"]
[EventRounds "13"]
[EventCountry "RUS"]
[SourceTitle "Mega2024 Update 01"]
[Source "Chessbase"]
[SourceDate "2023.11.12"]
[SourceVersion "1"]
[SourceVersionDate "2023.11.12"]
[SourceQuality "1"]

1. d4 g6 2. e4 Bg7 3. Nc3 d6 4. g3 Nf6 5. Bg2 0-0 6. Nge2 e5 7. 0-0 Nc6 8. h3 exd4 9. Nxd4 Bd7 10. Be3 Re8 11. Qd2 Nxd4 12. Bxd4 c5 13. Be3 Bc6 14. Rad1 Nxe4 15. Nxe4 Bxe4 16. Bxe4 Rxe4 17. Qxd6 Qxd6 18. Rxd6 Bxb2 19. Rb1 Be5 20. Rd7 b6 21. Re7 Kf8 22. Bg5 Re8 23. Rxa7 Bd4 24. Bh6+ Kg8 25. c3 Bxc3 26. Rxb6 Bd4 27. Rbb7 c4 28. Rxf7 Bxa7 29. Rg7+ Kh8 30. Rxa7 R4e7 31. Ra3 Rc8 32. Rc3 Ra7 33. a3 Kg8 34. Kf1 Re7 35. Be3 Rb7 36. Ke2 Kf7 37. Bd4 Ke6 38. Re3+ Kd5 39. Bc3 Rb3 40. Kd2 Rxa3 41. Re7 h5 42. Re5+ Kc6 43. Re6+ Kb5 44. Rxg6 Rd8+ 45. Kc2 Ra2+ 46. Kc1 Rxf2 47. Rg5+ Kc6 48. Rxh5 Rd3 49. Be1 Re2 50. Ba5 Ra3 51. Bd2 0-1

[Event "Titled Tuesday intern op 26th Sep Late"]
[Site "Chess.com INT"]
[Date "2023.09.26"]
[Round "1"]
[White "Demidov, Mikhail"]
[Black "D'Arruda, Ricardo D"]
[Result "1-0"]
[WhiteElo "2563"]
[BlackElo "2271"]
[PlyCount "77"]
[EventDate "2023.09.26"]
[EventType "swiss (blitz)"]
[EventRounds "11"]
[EventCountry "USA"]
[SourceTitle "EXT 2024"]
[Source "ChessBase"]
[SourceDate "2023.10.10"]
[SourceVersion "1"]
[SourceVersionDate "2023.10.10"]
[SourceQuality "1"]

1. Nf3 d5 2. g3 Nf6 3. Bg2 c6 4. 0-0 g6 5. b3 Bg7 6. Bb2 0-0 7. c4 Nbd7 8. Qc2 e6 9. Nc3 b6 10. Rac1 Bb7 11. d4 Rc8 12. Rfd1 Re8 13. e4 dxe4 14. Nxe4 Nxe4 15. Qxe4 Qc7 16. Qe2 c5 17. h4 cxd4 18. Nxd4 Bxg2 19. Kxg2 Nc5 20. Kg1 a6 21. Nf3 Bxb2 22. Qxb2 Qb7 23. Qf6 Qe7 24. Qxe7 Rxe7 25. Rd6 Rb7 26. Rcd1 h6 27. Ne5 Rcc7 28. f3 Kg7 29. g4 a5 30. g5 hxg5 31. hxg5 b5 32. Rd8 bxc4 33. Nxc4 a4 34. Nd6 Rd7 35. Nxb7 Rxb7 36. Rc8 Nd7 37. bxa4 Ne5 38. Kg2 Ra7 39. Rdd8 1-0

[Event "Titled Tuesday intern op 19th Sep Late"]
[Site "Chess.com INT"]
[Date "2023.09.19"]
[Round "2"]
[White "Chor, Kevin"]
[Black "Demidov, Mikhail"]
[Result "0-1"]
[WhiteElo "1944"]
[BlackElo "2563"]
[PlyCount "104"]
[EventDate "2023.09.19"]
[EventType "swiss (blitz)"]
[EventRounds "11"]
[EventCountry "USA"]
[SourceTitle "EXT 2024"]
[Source "ChessBase"]
[SourceDate "2023.10.10"]
[SourceVersion "1"]
[SourceVersionDate "2023.10.10"]
[SourceQuality "1"]

1. e4 e6 2. d4 d5 3. Nd2 Nc6 4. Ngf3 Nf6 5. exd5 exd5 6. Be2 Bd6 7. 0-0 0-0 8. h3 Re8 9. c3 h6 10. Bd3 Ne4 11. Re1 Bf5 12. Qc2 Qe7 13. b4 a6 14. Qb3 Qd7 15. Qc2 Re7 16. Nxe4 dxe4 17. Bxe4 Rae8 18. Ne5 Nxe5 19. dxe5 Rxe5 20. f3 Bxe4 21. fxe4 Qc6 22. Bf4 Rxe4 23. Rxe4 Rxe4 24. Bxd6 cxd6 25. Rf1 Qc4 26. Qd2 d5 27. Rf2 d4 28. cxd4 Rxd4 29. Qe3 Qxb4 30. Qe8+ Qf8 31. Qe5 Rd1+ 32. Rf1 Rxf1+ 33. Kxf1 Qd8 34. Kg1 b5 35. Qc5 g6 36. Qa7 Qd6 37. Qa8+ Kg7 38. Qe4 b4 39. Qe3 a5 40. Kh1 a4 41. Qe4 Qc5 42. Qd3 Qb6 43. Qb1 b3 44. Qb2+ Kg8 45. axb3 Qxb3 46. Qe5 a3 47. Qe8+ Kh7 48. Qe5 a2 49. Kh2 Qa4 50. Qf6 a1Q 51. Qxf7+ Qg7 52. Qf3 Qad4 0-1